000 00329nam a2200145Ia 4500
008 230711s9999||||xx |||||||||||||| ||und||
041 _aENG
082 _a530
_bVA-P
100 _aValerie H.Pitt
245 0 _aDictionary of Physics
250 _a1st
260 _c1975
_aNew Delhi
_bPenguin Books
650 _aPhysics
942 _cBK
999 _c509
_d509